000 00262nam a22001217a 4500
003 SGT
082 _a615
_bSIN
100 _aSINGH, HIMANSHU
245 _aPHARMACOGNOSY & PHYTOCHEMISTRY -II
260 _aINDIA
_bIP PUB.
_c2024
300 _a281
942 _2ddc
_cBK
999 _c32472
_d32472